| 000 | 00747nam a22002177a 4500 | ||
|---|---|---|---|
| 999 |
_c195223 _d195223 |
||
| 005 | 20230313130257.0 | ||
| 010 | _aENG-136382 | ||
| 020 |
_a9788185984476 _c195.00 |
||
| 035 | _aEN-119914 | ||
| 037 | _bDBAD/PUB | ||
| 082 | _a338.4778 | ||
| 100 | _aAlexander,John | ||
| 245 |
_aThe Music Of Business : _cBy John Alexander and S Venkataraman _bA Pictorial presentation / |
||
| 250 | _a2011 | ||
| 260 |
_aMadras _bProductivity & Quality Publishing Pvt Ltd |
||
| 270 |
_bMadras _a38, Thanikachalam Road ,T Nagar _e600017 _k+914424344519 _l+914424342009 _mservice@kkbooks.com |
||
| 300 |
_a87p.; _c23cm(pb) _bill. |
||
| 700 |
_aRaghavan, Sunitha _eEditor |
||
| 700 |
_aVenkataraman,S _eAuthor |
||
| 942 |
_2ddc _cEN _mJOH _h338.4778 |
||